Postacie GTA V na podstawie zdjęć - Statystyki

Ogólne statystyki
  • Ten quiz został rozwiązany 106 razy
  • Średni wynik to 12 z 16
Statystyki odpowiedzi
Obrazkowy Odpowiedź % Poprawnych
Trevor Phillips
100%
Franklin Clinton
99%
Michael De Santa
98%
Amanda De Santa
93%
Lamar Davis
90%
Lester Crest
90%
Jimmy De Santa
89%
Chop
88%
Ron Jakowski
76%
Tracey De Santa
75%
Wade Hebert
56%
Devin Weston
48%
Floyd Hebert
44%
Dave Norton
41%
Solomon Richards
39%
Steve Haines
38%
Nie znaleziono quizów pasujących do podanych kryteriów
Rozkład punktacji
Procent ludzi z każdym wynikiem
Percentyl według liczby udzielonych odpowiedzi
Twoja historia wyników
Nie rozwiązałeś tego quizu